A social studies computer lab (Record no. 77190)
[ view plain ]
| 000 -CABECERA | |
|---|---|
| campo de control de longitud fija | 00639nam a2200241 a 4500 |
| 005 - FECHA Y HORA DE LA ÚLTIMA TRANSACCIÓN | |
| campo de control | 20210219153441.0 |
| 008 - ELEMENTOS DE LONGITUD FIJA--INFORMACIÓN GENERAL | |
| campo de control de longitud fija | 991125n 000 0 u |
| 035 ## - NÚMERO DE CONTROL DEL SISTEMA | |
| Número de control de sistema | UPN01000100546 |
| 100 ## - ASIENTO PRINCIPAL--NOMBRE PERSONAL | |
| Nombre de persona | Stevens, Lawrence |
| 222 ## - TÍTULO CLAVE | |
| Título clave | SOCIAL EDUCATION |
| 245 ## - MENCIÓN DE TÍTULO | |
| Título | A social studies computer lab |
| 300 ## - DESCRIPCIÓN FÍSICA | |
| Extensión | 8-10 |
| 362 ## - FECHAS DE PUBLICACIÓN Y/O DESIGNACIÓN SECUENCIAL | |
| Fecha de publicación y/o designación secuencial | 57, No. 1, 1993 |
| 505 ## - NOTA DE CONTENIDO CON FORMATO PREESTABLECIDO | |
| Nota de contenido con formato | Octubre 1993 |
| 653 0# - TERMINO DE INDIZACION - NO CONTROLADO | |
| Término no controlado | CENTROS DE COMPUTO |
| 653 0# - TERMINO DE INDIZACION - NO CONTROLADO | |
| Término no controlado | EAC |
| 653 0# - TERMINO DE INDIZACION - NO CONTROLADO | |
| Término no controlado | EVALUACION DEL SOFTWARE ORDENADOR |
| 653 0# - TERMINO DE INDIZACION - NO CONTROLADO | |
| Término no controlado | INSTRUCCION DE HISTORIA |
| 653 0# - TERMINO DE INDIZACION - NO CONTROLADO | |
| Término no controlado | SIMULACION EN COMPUTADORA |
| 653 0# - TERMINO DE INDIZACION - NO CONTROLADO | |
| Término no controlado | TECNOLOGIA EDUCATIVA |
| 904 ## - ELEMENTOS DE DATOS D LOCAL, LDD (RLIN) | |
| a | AC |
| b | 038357 |
| 905 ## - TIPO DE MATERIAL | |
| Tipo de material | Articulo |
No items available.
